000 00612nam a22002417a 4500
003 UA-OsUOA
001 30510
007 ta
008 20041110b un ||||| |||| 00| 0 ukr d
100 _aЛибинзон З.
090 _a82.09(430)
_bЛ55
942 _cBK
040 _aUA-OsUOA
_brus
_cUA-OsUOA
_dUA-OsUOA
245 _a"Коварство и любовь" Ф. Шиллера
300 _a134 с.
955 _a0
041 _arus
080 _a82.09(430)
260 _aМосква
_bХудожественная литература
_c1969
044 _aRU
650 7 _2UDC
999 _c316922
_d316922